000
00324nam a2200133Ia 4500
008
190216s9999||||xx |||||||||||||| ||und||
100
_a
A.P.Krishnan
245
0
_a
Business Communication
250
_a
1st Ed.
260
_b
Calicut University Central Co-Operative
_c
2005
300
_a
192
650
_a
Commerce
942
_c
BK
999
_c
8187
_d
8187